000 00932nmm a2200277 a 4500
001 ocm000701030
003 TR-IsHL
005 20201028141001.0
008 131219s1996 tu tur
007 cr cn
035 _a701030
_b(N$T)
050 0 4 _aKKX1213
_b.S67 1996
090 0 4 _aKKX1213
_b.S67 1996
245 1 0 _aSorularla patent mevzuatı
_h[electronic resource] /
_chaz. Arzu Yurtman
260 _aİstanbul :
_bİstanbul Ticaret Odası,
_c1996
300 _a68 p.
650 4 _aEkonomi ve Finans
650 4 _aEconomics and Finance
650 0 _aPatentler
_x Türkiye
650 0 _aPatent licences
_x Turkey
650 0 _aPatent yasaları ve yasama
_x Türkiye
650 0 _aPatent laws and legislation
_x Turkey
650 7 _aLAW / Intellectual Property / Patent
_2bisacsh
700 1 _aYurtman, Arzu
856 4 0 _uhttp://search.ebscohost.com/login.aspx?direct=true&scope=site&db=e011xww&AN=701030
999 _c7575
_d7575